01528nam a2200421 i 450000100060000000300080000600500170001400600190003100700150005000800410006502000180010602000270012403500230015103500240017403500250019803500220022304000310024505000220027608000110029808200140030910000200032324500630034326400420040630000410044833600310048933700330052033800430055350400290059658801230062559001640074865000260091265000210093865000220095965500270098179700190100885600620102799900170108943533FlNmELB20241216222131.0m o d | cr cnu||||||||180516s2017 ag ob 000 0 spa d z9789875918436 a9789877600636 (e-book) a(MiAaPQ)EBC5307850 a(Au-PeEL)EBL5307850 a(CaPaEBR)ebr11516669 a(OCoLC)1105865992 aFINmELBbspaerdacFINmELB 4aBF632bB5718 2017 a159.960 a158.12231 aBevione, Julio.10aRespira :bel arte de transformarlo todo /cJulio Bevione. 1aCórdoba :bEditorial Brujas,c2017. a1 recurso en línea (172 páginas) atextobtxt2rdacontent/spa acomputadorabc2rdamedia/spa arecurso en líneabcr2rdacarrier/spa aContiene bibliografía. aDescripción basada en recurso en línea; Título de la página del título en PDF (e-libro, visto May 16, 2018). aRecurso electrónico. Santa Fe, Arg.: e-libro, 2018. Disponible vía World Wide Web. El acceso puede estar limitado para las bibliotecas afiliadas a e-libro. 0aSelf-help techniques. 0aConduct of life. 4aConducta de vida. 4aLibros electrónicos.2 ae-libro, Corp.40uhttps://elibro.net/ereader/politecnicointernacional/78824 c43533d43533